000 00449nam a2200157 i 4500
001 63605
003 ES-MaACL
005 20230906164925.0
007 t|
008 031212s1970 sp ||||1| spa d
100 1 _aFeslikenian, Franca.
_950621
245 1 0 _aJuegos formativos para vuestros hijos /
_cFranca Feslikenian.
260 _aBarcelona :
_bDe Vecchi,
_c[1970]
300 _a203 p. :
_bil. ;
_c19 cm.
852 _aES-MaACL
_jC-51178
_bR.75437
999 _c63605
_d63605